Top maths : (Record no. 10109)

MARC details
000 -LEADER
fixed length control field 01318nam a22003017a 4500
001 - CONTROL NUMBER
control field 10109
003 - CONTROL NUMBER IDENTIFIER
control field FISKH
005 - DATE AND TIME OF LATEST TRANSACTION
control field 20260421084125.0
008 - FIXED-LENGTH DATA ELEMENTS--GENERAL INFORMATION
fixed length control field 260421b cb ||||| |||| 00| 0 eng d
020 ## - INTERNATIONAL STANDARD BOOK NUMBER
International Standard Book Number 9789814437974
040 ## - CATALOGING SOURCE
Original cataloging agency FISKH
Language of cataloging eng
Transcribing agency FISKH
Modifying agency FISKH
050 ## - LIBRARY OF CONGRESS CALL NUMBER
Classification number QA135.6 .S53
082 ## - DEWEY DECIMAL CLASSIFICATION NUMBER
Classification number 510
100 ## - MAIN ENTRY--PERSONAL NAME
Personal name Shahbal, Hawa
245 ## - TITLE STATEMENT
Title Top maths :
Remainder of title Workbook 2B /
Statement of responsibility, etc. Authors: Hawa Shahbal and Penny Sim ; Consultant: Katharine Edar
260 ## - PUBLICATION, DISTRIBUTION, ETC.
Place of publication, distribution, etc. Toa Payoh Lorong5:
Name of publisher, distributor, etc. Alston Publishing House,
Date of publication, distribution, etc. 2016.
300 ## - PHYSICAL DESCRIPTION
Extent 134 pages :
Other physical details illustrations ;
Dimensions 29 cm
505 ## - FORMATTED CONTENTS NOTE
Formatted contents note J<br/>
520 ## - SUMMARY, ETC.
Summary, etc. A primary-level mathematics textbook designed to develop foundational numeracy skills through structured lessons and engaging activities. The book introduces mathematical concepts using visual models and step-by-step problem-solving approaches, helping students build confidence and understanding in topics such as numbers, operations, and basic problem solving.
521 8# - TARGET AUDIENCE NOTE
Target audience note 500<br/>
Source Lexile estimate<br/>
521 8# - TARGET AUDIENCE NOTE
Target audience note J<br/>
Source Raz-Plus<br/>
650 ## - SUBJECT ADDED ENTRY--TOPICAL TERM
Topical term or geographic name entry element Mathematics
Form subdivision Study and teaching (Primary) Mathematics
650 ## - SUBJECT ADDED ENTRY--TOPICAL TERM
Topical term or geographic name entry element Textbooks Problem solving
Form subdivision Study and teaching Elementary mathematics
700 ## - ADDED ENTRY--PERSONAL NAME
Personal name Sim, Penny
Relator term Author
700 ## - ADDED ENTRY--PERSONAL NAME
Personal name Edar, Katharine
Relator term Consultant
942 ## - ADDED ENTRY ELEMENTS (KOHA)
Source of classification or shelving scheme Dewey Decimal Classification
Koha item type Books
Suppress in OPAC No
Holdings
Withdrawn status Lost status Source of classification or shelving scheme Damaged status Not for loan Collection Home library Current library Shelving location Date acquired Total Checkouts Full call number Barcode Date last seen Copy number Price effective from Koha item type
    Dewey Decimal Classification     Reference Footprints International School Library Network Toul Tom Poung Campus Footprints International School Library Network Toul Tom Poung Campus Librarian's Shelf TTP 04/21/2026   SHA 510 QA135.6 .S53 2026-0504 04/21/2026 1 04/21/2026 Books